| 000 | 01255pam a2200397 i 4500 | ||
|---|---|---|---|
| 001 | 8198 | ||
| 003 | FISKH | ||
| 005 | 20250902084510.0 | ||
| 008 | 790801s1980 nyua j 000 1 eng | ||
| 010 | _a 79007895 | ||
| 020 |
_a0690039832 : _c$6.95 |
||
| 020 | _a0690039840 (lib. bdg.) : | ||
| 020 | _a9780440841036 | ||
| 020 | _a9780690039832 | ||
| 020 | _a9780690039849 | ||
| 040 |
_aDLC _cDLC _dDLC _beng |
||
| 050 | 0 | 0 |
_aPZ7.G174 _bSt 1980 |
| 082 | _a 813.54 | ||
| 100 | 1 | _aGardiner, John Reynolds. | |
| 245 | 1 | 0 |
_aStone Fox / _cby John Reynolds Gardiner ; illustrated by Marcia Sewall. |
| 250 | _aThis edition published in 1989 | ||
| 260 |
_aNew York : _bCrowell, _c1980. |
||
| 300 |
_a85 pages : _billustrations ; _c18 cm |
||
| 336 |
_atext _btxt _2rdacontent |
||
| 337 |
_aunmediated _bn _2rdamedia |
||
| 338 |
_avolume _bnc _2rdacarrier |
||
| 505 | _aP | ||
| 520 | _aLittle Willie hopes to pay the back taxes on his grandfather's farm with the purse from a dog sled race he enters. | ||
| 521 | 8 |
_a610
_bLexile |
|
| 521 | 8 |
_aP
_bRaz-Plus |
|
| 650 | 1 |
_aSled dog racing _xFiction. |
|
| 700 | 1 |
_aSewall, Marcia. _eillustrator |
|
| 906 |
_a7 _bcbc _corignew _d1 _eocip _f19 _gy-gencatlg |
||
| 942 |
_2ddc _cBK _n0 |
||
| 999 |
_c8198 _d8198 |
||